| 000 | 00831nam a2200277Ia 4500 | ||
|---|---|---|---|
| 001 | Para_7612 | ||
| 003 | CHAP | ||
| 008 | 220125s1984 xx 000 0 und d | ||
| 010 | _a206564 | ||
| 040 | _cCHAP | ||
| 082 | _aPA 632.7 K5 | ||
| 100 |
_aKing, A.B.S. _963253 |
||
| 245 |
_aLas plagas invertebradas de cultivos alimenticios anuales en América Central / _c por A.B.S. King y J. L. Saunders |
||
| 260 |
_aLondon : _b Overseas Development Administration |
||
| 300 | _a182 p. | ||
| 650 |
_aAgricultura _x plagas _91764 |
||
| 650 |
_aCultivos _x plagas _930305 |
||
| 650 |
_aPlantas comestibles _x América Central _9172857 |
||
| 901 | _aPA 632.7 K5 | ||
| 902 | _aA | ||
| 905 | _a0000001984 0000000000 00 | ||
| 910 | _a1984 | ||
| 942 | _cPARA | ||
| 942 |
_cPARA _d1 |
||
| 999 |
_c206564 _d206564 |
||